000 00667nam a2200253Ia 4500
005 20260306145455.0
008 008 260114s9999 xx 000 0 eng d
020 _a9781399510639
037 _aEbook
040 _aCRL
040 _beng
040 _cCRL
041 _2eng
041 _aeng
084 _qCRL
100 _aHarrison, Sheri-Marie;Keeble, Arin;Torres-Quevedo, Maria Elena
_91123829
245 0 _aJesmyn Ward: new critical essays
260 _bEdinburgh University Press (EUP)
260 _c2023
650 _aLiterary Studies
856 _uhttps://www.degruyter.com/isbn/9781399510639
942 _cEBOOK
999 _c1688665
_d1688665